LEADER 01104nam0-2200289---450- 001 990009093790403321 005 20090924113432.0 010 $a978-88-02-08151-9 035 $a000909379 035 $aFED01000909379 035 $a(Aleph)000909379FED01 035 $a000909379 100 $a20090924d--------km-y0itay50------ba 101 0 $aita 102 $aIT 105 $a--------001yy 200 1 $a<>ammissione alle facoltà scientifiche a numero programmato$ecorsi di laurea specialistica/magistrale in medicina e chirurgia, medicina veterinaria, odontoiatria e protesi dentaria, corsi di laurea triennale dell'area sanitaria, corso di laurea in biotecnologie$eanno accademico 2009-2010$eaggiornato agli ultimi test di ammissione 210 $aTorino$cUTET$d2009 215 $a787 p. 610 0 $aUniversità$aEsami di ammissione$aTest attitudinali 801 0$aIT$bUNINA$gRICA$2UNIMARC 901 $aBK 912 $a990009093790403321 952 $a90 X 3a 38$b3216$fFMEBC 959 $aFMEBC 996 $aAmmissione alle facoltà scientifiche a numero programmato$9739665 997 $aUNINA LEADER 01181nam0 22002651i 450 001 SUN0013354 005 20060509120000.0 010 $a88-8114-626-6 100 $a20030403d1998 |0itac50 ba 101 $aita 102 $aIT 105 $a|||| ||||| 200 1 $aAtti dell'Accademia romanistica Costantiniana$e6. Convegno internazionale. [S. l.$es. n.], sotto l'alto patrocinato del Presidente della Repubblica ; Napoli$eEdizioni scientifiche italiane, c1998 210 $d506 p. ; 24 cm 215 $aIn testa al front.: Università degli studi di Perugia, Facoltà di giurisprudenza. 606 $aEconomia$xImpero romano$xCongressi$2FI$3SUNC007083 620 $dNapoli$3SUNL000005 676 $a342.370852$v21 712 $aESI$3SUNV000952$4650 801 $aIT$bSOL$c20181109$gRICA 912 $aSUN0013354 950 $aUFFICIO DI BIBLIOTECA DEL DIPARTIMENTO DI GIURISPRUDENZA$d00 CONS XVIII.H.36 $e00 14973 995 $aUFFICIO DI BIBLIOTECA DEL DIPARTIMENTO DI GIURISPRUDENZA$h14973$kCONS XVIII.H.36$op$qa 996 $aAtti dell'Accademia romanistica costantiniana$9661419 997 $aUNICAMPANIA LEADER 01352nam0-22003611i-450 001 990001814150403321 005 20210407105844.0 010 $a9252007032 035 $a000181415 035 $aFED01000181415 035 $a(Aleph)000181415FED01 035 $a000181415 100 $a20030910d1979----km-y0itay50------ba 101 0 $afre 102 $aIT 105 $aa p 001yy 200 1 $aPratiques recommandées pour la prévention des mycotoxines dans les produits alimentaires et fourragers$epéparées par l'organisation des nations unies pour l'alimentation et l'agriculture en collaboration avec la programme des nations unies pour l'environment$fFAO 210 $aRoma$cFAO$d1979 215 $aV, 55 p.$cill.$d30 cm 225 1 $aÉtude FAO: alimentation et nutrition$v010 610 0 $aAlimentazione umana 610 0 $aMicotossine 676 $a613.2$v23$zita 676 $a615.95295$v23$zita 710 02$aFAO$017670 801 0$aIT$bUNINA$gRICA$2UNIMARC 856 4 $zdocumento pdf consultabile gratuitamente online$uhttp://www.fao.org/3/AM812F/AM812F.pdf$e20210401 901 $aBK 912 $a990001814150403321 952 $a60 COLL. FAO 01/010$fFAGBC 959 $aFAGBC 996 $aPratiques recommandées pour la prévention des mycotoxines dans les produits alimentaires et fourragers$91771327 997 $aUNINA